|
|
|
|
| LEADER |
01386nnm a2200397za 4500 |
| 001 |
001002249 |
| 003 |
CZ BrMZK |
| 005 |
20110726090004.0 |
| 007 |
co|cg |
| 008 |
090529s2009 xxk ep eng |
| 020 |
|
|
|a 9781405099660
|
| 040 |
|
|
|a BOA001
|b cze
|
| 072 |
|
7 |
|a 811.111
|x Angličtina
|2 Konspekt
|9 11
|
| 072 |
|
7 |
|a 37.016
|x Učební osnovy. Vyučovací předměty. Učebnice
|2 Konspekt
|9 22
|
| 080 |
|
|
|a 811.111
|2 MRF
|
| 080 |
|
|
|a 81'23
|2 MRF
|
| 080 |
|
|
|a 371.3:004
|2 MRF
|
| 080 |
|
|
|a (07.063)81
|2 MRF
|
| 080 |
|
|
|a (0.034.44)
|2 MRF
|
| 100 |
1 |
|
|a Moore, Julie
|7 pna2005311956
|4 aut
|
| 245 |
1 |
0 |
|a New Inside Out. Intermediate. CD-ROM
|h [elektronický zdroj] :
|c Julie Moore
|
| 260 |
|
|
|a Oxford :
|b Macmillan,
|c 2009
|
| 300 |
|
|
|a 1 CD-ROM
|
| 500 |
|
|
|a Kompaktní deska
|
| 500 |
|
|
|a K CD-ROM vydána stejnojmenná kniha, sig. AK-5.162,1
|
| 650 |
0 |
7 |
|a angličtina
|7 ph114056
|2 czenas
|
| 650 |
0 |
7 |
|a poslech (lingvistika)
|7 ph196652
|2 czenas
|
| 650 |
0 |
7 |
|a počítačem podporovaná výuka
|7 ph138155
|2 czenas
|
| 653 |
0 |
|
|a jazyková úroveň B1
|
| 655 |
|
7 |
|a jazykové učebnice, texty, příručky (B)
|7 fd600891
|2 czenas
|
| 655 |
|
7 |
|a CD-ROM
|7 fd133955
|2 czenas
|
| 910 |
|
|
|a BOA001
|x CD-R 125
|
| 990 |
|
|
|a ER
|
| 991 |
|
|
|z 000050840
|
| 991 |
|
|
|b 201107
|e n
|x 99
|
| 996 |
7 |
|
|b 261E008335
|c CD-R 125
|l Anglická knihovna/2.patro
|r ZHR
|n 8
|h CD-R 125
|w 001002249
|u 000010
|a 0
|e BOA001
|j MZK50
|s A
|